| 000 | 01027cam a22003257a 4500 | ||
|---|---|---|---|
| 001 | 15103876 | ||
| 003 | OSt | ||
| 005 | 20231026123120.0 | ||
| 008 | 071205s2007 enka 000 0 eng | ||
| 010 | _a 2007300056 | ||
| 015 |
_aGBA691938 _2bnb |
||
| 016 | 7 |
_a013589722 _2Uk |
|
| 020 | _a9780340889442 (pbk.) | ||
| 035 | _a(OCoLC)ocm74966816 | ||
| 040 |
_aUKM _cUKM _dBAKER _dBTCTA _dYDXCP _dDLC |
||
| 042 | _alccopycat | ||
| 050 | 0 | 0 |
_aR845 _b.P38 2007 |
| 082 | 0 | 4 |
_aWB18 P274c 2007 _222 |
| 100 | 1 |
_aPatel, Kinesh; Patel, Neil _9322 |
|
| 245 | 1 | 0 | _aComplete Self Assessment for Medical finals |
| 260 |
_aLondon; _bHodder Arnold, _c2007. |
||
| 300 |
_axi, 340 p. : _bill. ; _c24cm. |
||
| 500 | _aIncludes index. | ||
| 650 | 0 |
_aMedical MCQs _93024 |
|
| 650 | 0 |
_aClinical assessment _99491 |
|
| 856 | 4 | 1 |
_3Table of contents _uhttp://www.loc.gov/catdir/toc/fy0803/2007300056.html |
| 906 |
_a7 _bcbc _ccopycat _d2 _encip _f20 _gy-gencatlg |
||
| 942 |
_2z _cSLOAN |
||
| 999 |
_c1111 _d1111 |
||